Just Cause 3 - Insula Fonte's Cities - Statistics

General Stats
  • This quiz has been taken 26 times
  • The average score is 14 of 24
Answer Stats
Provinces Type Name % Correct
Baia City Manaea
88%
Baia Base Vis Electra
81%
Lacos Base Cima Leon : Silo
75%
Sirocco Nord City Costa Di Ravello
75%
Aspera Base Cima Leon : Centcom
69%
Feno Base Cima Leon : Transmitter
69%
Plagia Base Vigilator Nord
69%
Sirocco Sud Base Vigilator Sud
69%
Feno City Babica
63%
Sirocco Nord City Costa Del Porto
63%
Lavanda Base Porto Le Gratia
63%
Lacos City Fortalessa
56%
Sirocco Sud Base Le Galera
56%
Sirocco Nord Base Le Tutor
56%
Sirocco Nord Base Porto Vena
56%
Lacos City Alba
50%
Feno City Albeto Pero
50%
Soros Base/City Cava de Rebelles
50%
Lacos City Colle Salrosa
50%
Lavanda City Lantuina
50%
Lavanda City Frontella
38%
Sirocco Sud City Laguna Del Sol
38%
Plagia City Surpicco
38%
Sirocco Sud City Cirilla
25%
No matching quizzes found
Score Distribution
Percent of People with Each Score
Percentile by Number Answered
Your Score History
You have not taken this quiz